Quizzes
Events
Quiz Creation
Community
Videos
Private Events
Remove Ads
Sign In
Join for FREE
Feedback
Dark Mode
Quiz Categories
Sports
Geography
Music
Movies
Television
Just For Fun
Miscellaneous
History
Literature
Language
Science
Gaming
Entertainment
Religion
Holiday
For Kids
Quiz Lab
Recent
Popular Today
Quiz Kudos Today
Editor Picks
Curator Picks
Quizzes by...
Day
Popularity
Type
Ratings
Length
Year
Community
Subscriptions
Recent Discussions
Orange Saloon
Badges
Playlists
Quests
Create
Leaderboards
Showdown
Live 5
Trivia Bingo
Activity
Puzzle Library
Sporcle Events
Private Events
Virtual Trivia
Globe League
Become a Host
Pub Owners
SporcleCon
Opinionation
Our Games
Videos
Blog
Mobile Apps
Partnerships
Remove Ads and Go Orange
Feedback
Television
TV Characters
TV Show
Sitcom
Network
Friends
Reality Shows
Cast
South Park
Star Trek
The Simpsons
Doctor Who
Television
TV Characters
TV Show
Sitcom
Network
Friends
Reality Shows
Cast
South Park
Star Trek
The Simpsons
Doctor Who
Random Quiz
Search Sporcle
×
Quiz Lab
Quiz Lab
Television
Singers
Type answers based on single images at one time
Type answers based on single images at one time
Slideshow
Best Score? Go Orange.
Korean TV SHOW Stats
Can you name the TV show?
By
CiindyDy16
7m
20 Questions
1,686 Plays
1,686 Plays
1,686 Plays
Comments
Comments
Give Quiz Kudos
Give Quiz Kudos
-
- Ratings
hide this ad
Replay
Link that replays current quiz
Next Quiz
Link to next quiz in quiz playlist
You Got
0%
They Got
Avg Score
51%
Avg Friend Score
Upgrade to see
Score Distribution
Jump to the score distribution portion of the page
Score
0/20
Timer
07:00
0
Plays Today
% Correct
Running Man
96.3%
We Got Married
78.6%
Show Me The Money
70.8%
Weekly Idol
70.1%
Hit The Stage
69.8%
Real Man
68.6%
Unpretty Rapstar
66.1%
The Return Of Superman
61.7%
Law Of The Jungle
53.8%
Happy Together
52.9%
% Correct
Radio Star
52.8%
Infinite Challenge
42.5%
My Little Television
42.5%
1 Night 2 Days
37.7%
I Live Alone
35%
Sister Slam Dunk
34.9%
I Can See Your Voice
29.6%
King Of Mask Singer
25.1%
Please Take Care Of My Refrigerator
19.8%
Two Yoo Project Sugarman
14.9%
Quiz Playlist
Details
Report
Send in Message
Add To Playlist
Slideshow:
Type answers based on single images at one time
Last Updated: Jul 20, 2017
Quiz Scoreboard
CHALLENGE
Sign Up to Join the Scoreboard
Show All
Scores
Hide
Comments
May contain spoilers
Recently Published
9x9 Crossword: Cartoon Network
by jackfrog10
Miscellaneous
3m
College Basketball Coaching Resumes
by pancakes188
Sports
9m
Billboard Blitz: Fleetwood Mac
by CooCooCachoo
Music
15s
More to Explore
Quiz From the Vault
Featured Blog Post
Where Did the Easter Bunny Come From?
hide this ad
You Might Also Like...
Tags
Kpop Quiz
Singers Quiz
Guessing Game
Korean
Kpop Quiz
South Korean
Today's Top Quizzes in Television
Browse Television
hide this ad
Today's Top Quizzes in Singers
Browse Singers
Top Contributed Quizzes in Television
1
5-to-1: The Simpsons Families
2
5-to-1: Television Doctors
3
7-to-1: TV Show Settings
4
Adjectives in 00s TV Shows
5
Adjectives in 80s TV Shows
6
5-to-1: Streaming Originals
7
Adjectives in 10s TV Shows
8
Survivor Seasons
9
One Piece Logic Puzzle
10
All US Survivor Seasons in Order
Explore More
Trending Topics
Kpop
Anime
NBA
Marvel
Disney
Crossword
Harry Potter
Country
WWE
Puzzle
Song
Pokémon
NFL
Soccer
The Office
hide this ad
More By:
CiindyDy16
Quiz
Plays
Rating
Category
Featured
Created
Are You Addicted To K-Drama? (Title?+Pictures)
8,903
4.00
Television
Sep 6, 2016
Can you unscramble the letters? (BOY GROUPS)
8,118
4.13
Music
Sep 23, 2016
Can you unscramble the letters? (GIRL GROUPS)
5,694
4.50
Music
Sep 24, 2016
Guess the song title
5,337
4.08
Music
Aug 26, 2016
Which KDRAMA this KPOP artist starred in?
2,165
5.00
Music
Aug 28, 2016
Go to Creator's Profile
Score Distribution
Quiz Creator Spotlight
CiindyDy16
Follow
Send a Message
Quizzes Created
-
Created Quiz Play Count
-
More By This Creator
Popular Quizzes Today
1
Find the US States - No Outlines Minefield
2
Find the Countries of Europe - No Outlines Minefield
3
The Countries of the World
4
Find the US States
5
Risky Map Clicking: Biggest States A-Z
6
US States
7
Popular People in 1961
8
Movies - When Are They Set?
More Television Quizzes
Glee: Santana songs by picture
Quiz Lab
Trending Quizzes
Risky Map Clicking: Least Populous States A-Z
1-10 Letter G Words
1-10 Letter F Words
Risky Map Clicking: Next State Alphabetically
Adjectives in 80s TV Shows
Recently Updated
Leaping Animals
pecheneg
Reality TV Shows (A-Z)
bhenderson79
Rickey Henderson's Hall of Fame Teammates
pecheneg
Champions League XIs: Arsenal
pecheneg
Quick Pick: Celebrities in WWE's Hall of Fame
aduchscher
A-Z Keypad Blitz II
pecheneg
Multiple Oscar Actors
pecheneg
Mystery Phrase Blitz: Oscar 'Best Actors'
pecheneg
F. Scott Fitzgerald Novels
LTH
Pick 3 Villains
ddd62291
Trending Topics
Kpop
Disney
NBA
Marvel
Crossword
Anime
Harry Potter
NFL
Song
Pokémon
WWE
The Office
Puzzle
Soccer
Country
Your Account Isn't Verified!
In order to create a playlist on Sporcle, you need to verify the email address you used during registration. Go to your
Sporcle Settings
to finish the process.
Report this User
Report this user for behavior that violates our
Community Guidelines
.
Details:
Send Report
Go to the Sporcle.com Mobile Site →
Comments